Resultados y lecciones en producción de carne caprina en Lonquimay: proyecto de innovación en IX Región de La Araucanía

Na minha lista:
Detalhes bibliográficos
Corporate Authors: Fundación para la Innovación Agraria (Author), Ministerio de Agricultura (Author)
Formato: Livro
Idioma:espanhol
Publicado em: Santiago FIA 2008
Colecção:Experiencias de Innovación para el Emprendimiento Agrario, 43
Assuntos:
Tags: Adicionar Tag
Sem tags, seja o primeiro a adicionar uma tag!

MARC

LEADER 00000nam a2200000 a 4500
001 UCG3622
003 CL-VaPUC
008 100909e20081200CL |||||||||||||||||spa|d
020 |a 9789563280555 
082 0 4 |a 636.3910883  |b FUN  |2 21 
110 2 |a Fundación para la Innovación Agraria  |e author  |9 552902 
710 2 |a Ministerio de Agricultura  |e author  |9 552903 
245 1 0 |a Resultados y lecciones en producción de carne caprina en Lonquimay: proyecto de innovación en IX Región de La Araucanía 
300 |a 35 p 
942 |c BK 
945 |d 20100909 00:00:00  |a dcastane 
260 |a Santiago  |b FIA  |c 2008 
500 |a Incluye separata Ficha de valoración de resultados 
650 7 |a RUMIANTES MENORES  |2 CL-VaPUC  |9 552900 
650 7 |a CABRAS  |2 CL-VaPUC  |9 264456 
650 7 |a PRODUCCIÓN DE CABRAS  |2 CL-VaPUC  |9 552901 
650 0 |a Consumo  |9 333893 
650 0 |a Análisis de mercado   |9 260838 
583 |a last modification  |c 20100909 00:00:00  |k Rodrigo Vera 
490 0 |a Experiencias de Innovación para el Emprendimiento Agrario, 43 
999 |c 342669  |d 342667 
952 |0 0  |1 0  |4 0  |6 636_391088300000000_FUN_2008  |7 0  |8 A  |9 439086  |a BIBAGR  |b BIBAGR  |d 2019-11-22  |i 471072K  |o 636.3910883 FUN 2008  |p 471072K  |r 2025-01-20  |w 2019-11-22  |y BK  |k AGR 
952 |0 0  |1 0  |4 0  |6 636_391088300000000_FUN_2008  |7 0  |8 A  |9 439087  |a BIBAGR  |b BIBAGR  |d 2019-11-22  |i 4710738  |o 636.3910883 FUN 2008  |p 4710738  |r 2025-01-20  |w 2019-11-22  |y BK  |k AGR 
952 |0 0  |1 0  |4 0  |6 636_391088300000000_FUN_2008  |7 0  |8 A  |9 439088  |a BIBAGR  |b BIBAGR  |d 2019-11-22  |i 4751167  |o 636.3910883 FUN 2008  |p 4751167  |r 2025-01-20  |w 2019-11-22  |y BK  |k AGR